| 000 | 00442nab a2200145Ia 4500 | ||
|---|---|---|---|
| 003 | ES-SlBCS | ||
| 005 | 20210601124324.0 | ||
| 008 | 140529s1993 xxu||||| |||| 00| 0 eng d | ||
| 041 | _aeng | ||
| 100 | 1 |
_aNoel, Jana R. _9139714 |
|
| 245 | 0 | 0 |
_aIntentionality in Reasearch on Teaching _c Jana R. Noel |
| 650 | 0 | 4 |
_aEducación-Intencionalidad _9139715 |
| 773 | 0 |
_tEducational Theory _gvol. 43, nº. 2, 1993, págs. 123-146 _wRev1399 |
|
| 942 | _cAR | ||
| 999 |
_c512923 _d512923 |
||